Tập bản vẽ kỹ thuật và kết cấu

Đã lưu trong:
Bibliografiske detaljer
Hovedforfatter: VŨ TIẾN ĐẠT
Format: Bog
Sprog:Undetermined
Udgivet: Tp. HCM Đại học Kỹ thuật 2000
Fag:
Tags: Tilføj Tag
Ingen Tags, Vær først til at tagge denne postø!
Thư viện lưu trữ: Trung tâm Học liệu Trường Đại học Cần Thơ
LEADER 00518nam a2200169Ia 4500
001 CTU_48827
008 210402s9999 xx 000 0 und d
082 |a 604.2 
082 |b Đ110 
100 |a VŨ TIẾN ĐẠT 
245 0 |a Tập bản vẽ kỹ thuật và kết cấu 
245 0 |c VŨ TIẾN ĐẠT 
260 |a Tp. HCM 
260 |b Đại học Kỹ thuật 
260 |c 2000 
650 |a mechanical drawing,engineering drawings 
980 |a Trung tâm Học liệu Trường Đại học Cần Thơ